000 01429cam a22002054a 4500
005 20250605164006.0
008 250528s ||||||||||||||||||||||||d
035 _a15817
020 _a631148299
040 _aGR-AtMCL
_bgre
_dGR-AtMCL
_eAACR2
245 1 _aDevelopmental Social Psychology / From Infancy to Old Age
250 _a1st
260 _bBlackwell Publishing,
_c1995
300 _a776
520 _aA complete and well-organized source of information that offers new understandings of personal growth throughout the lifespan. Preface, Acknowledgements, Introduction, Social Life and Infancy, Attachment to Others, From Family to Peers, The Development of Gender, Language Development I: Origins and Course, Language Development II: Social Dimensions of Acquisition and Use, The Development of Nonverbal Communication, Social Cognition I: Understanding the Social World, Social Cognition II: Social Reasoning and Societal Knowledge, Social Cognition III: Social Interaction and Cognitive Development, The Development of Aggression, The Development of Prosocial Behavior, Moral Development, Adolescence I: Transitions, Adolescence II: Entering the Adult World, Adolescence III: Problems, Adulthood I: Development and Relationships and Roles, Adulthood II: Middle Ages and the Later Years, References, Author and Subject Index.
700 1 _aDurkin Kevin
_91820
942 _cBK
999 _c1368
_d1368